000 00401nam a2200169Ia 4500
001 25093
005 20260414151127.0
008 260414t2021||||xx |||||||||||||| ||spa||
041 _aESP
082 _a346.2
_bD84D
245 0 _aEl derecho de familia en su jurisprudencia
_b
260 _c2021
300 _a334 páginas :
_c25 cm.
650 _aDER
654 _aCDE
942 _cLIB
_dJUS
_fJUS
_2ddc
_n
999 _c25093
_d25093